| 000 | 00850nam a22002177a 4500 | ||
|---|---|---|---|
| 005 | 20151210110337.0 | ||
| 008 | 151210b ck ||||fr|||| 00| 0 spa d | ||
| 040 |
_aCO-BoIAVH _cCO-BoIAVH |
||
| 041 | 0 | _aspa | |
| 044 | _ack | ||
| 090 |
_aEA- _b329 |
||
| 100 | 1 | _aCórdoba Camacho, Natalia E. | |
| 245 | 1 | 0 |
_aManejo sostenible de los humedales del departamento de Boyacá / _cNatalia E. Córdoba Camacho |
| 260 |
_aTunja (Boyacá) : _bCorpoboyacá, _c[s. f.]. |
||
| 300 |
_a24 páginas sin numerar : _bilustraciones a color ; _c23 x 17 cm. |
||
| 500 | _aIncluye glosario. | ||
| 650 | 6 |
_aEducación ambiental _xHumedales _zBoyacá (Departamento, Colombia) |
|
| 650 | 6 |
_aHumedales _xManejo _zBoyacá (Departamento, Colombia) |
|
| 650 | 6 |
_aHumedales _xUso sostenible _zBoyacá (Departamento, Colombia) |
|
| 942 |
_2z _cFolleto |
||
| 999 |
_c17901 _d17901 |
||